An action plan to promote the growth of self build housing (Record no. 112495)

MARC details
000 -LEADER
fixed length control field 01390cad a22002175a 4500
001 - CONTROL NUMBER
control field L153399
008 - FIXED-LENGTH DATA ELEMENTS--GENERAL INFORMATION
fixed length control field 110720s2011 xxk f 000 0 eng d
035 ## - SYSTEM CONTROL NUMBER
System control number (Sirsi) u153399
041 0# - LANGUAGE CODE
Language code of text/sound track or separate title eng
110 2# - MAIN ENTRY--CORPORATE NAME
Corporate name or jurisdiction name as entry element National Self Build Association
9 (RLIN) 5919
245 03 - TITLE STATEMENT
Title An action plan to promote the growth of self build housing
Medium [electronic resource]
260 ## - PUBLICATION, DISTRIBUTION, ETC.
Place of publication, distribution, etc. [S.l.]
Name of publisher, distributor, etc. NaSBA
Date of publication, distribution, etc. 2011
520 ## - SUMMARY, ETC.
Summary, etc. This report was prepared by the National Self Build Association (NaSBA) on behalf of the joint Government-Industry Self Build Working Group that was set up in early 2011 to look at what could be done to grow the sector. Looks at the key challenges, lessons from international self build housing practices (Ireland, Scotland, Germany, the Netherlands, Australia and the United States), alternative procurement models, land and procurement models, lending and finance, regulation and red tape, the self build industry, and an action plan summary. RICS contributed.
590 ## - LOCAL NOTE (RLIN)
Local note KA NTK
651 #4 - SUBJECT ADDED ENTRY--GEOGRAPHIC NAME
Geographic name United Kingdom
Chronological subdivision
690 ## - LOCAL SUBJECT ADDED ENTRY--TOPICAL TERM (OCLC, RLIN)
Topical term or geographic name as entry element BUILT ENVIRONMENT-CONSTRUCTION MANAGEMENT-CONSTRUCTION DESIGN AND MANAGEMENT
690 ## - LOCAL SUBJECT ADDED ENTRY--TOPICAL TERM (OCLC, RLIN)
Topical term or geographic name as entry element PROPERTY-RESIDENTIAL PROPERTY-DOMESTIC RESIDENTIAL PROPERTY-HOUSING
690 ## - LOCAL SUBJECT ADDED ENTRY--TOPICAL TERM (OCLC, RLIN)
Topical term or geographic name as entry element BUILT ENVIRONMENT-CONSTRUCTION MARKET
856 40 - ELECTRONIC LOCATION AND ACCESS
Uniform Resource Identifier <a href="https://www.rics.org/site/download_feed.aspx?fileID=9984&fileExtension=PDF">https://www.rics.org/site/download_feed.aspx?fileID=9984&fileExtension=PDF</a>
Public note View this item free of charge at rics.org
942 ## - ADDED ENTRY ELEMENTS (KOHA)
Suppress in OPAC 0
Holdings
Withdrawn status Lost status Source of classification or shelving scheme Damaged status Not for loan Home library Current library Shelving location Date acquired Total Checkouts Full call number Barcode Date last seen Copy number Price effective from Koha item type
    Dewey Decimal Classification     Virtual Virtual Online 20/07/2011   ONLINE PUBLICATION 153399-2001 06/08/2019 1 06/08/2019 Book